<?xml version="1.0" encoding="UTF-8"?>
<record
    xmlns:xsi="http://www.w3.org/2001/XMLSchema-instance"
    xsi:schemaLocation="http://www.loc.gov/MARC21/slim http://www.loc.gov/standards/marcxml/schema/MARC21slim.xsd"
    xmlns="http://www.loc.gov/MARC21/slim">

  <leader>00958na  a2200205   4500</leader>
  <controlfield tag="001">23258</controlfield>
  <controlfield tag="003">MIRAKIL</controlfield>
  <controlfield tag="005">20181213155029.0</controlfield>
  <controlfield tag="008">170821b        tu            000 0      </controlfield>
  <datafield tag="040" ind1=" " ind2=" ">
    <subfield code="a">Milas</subfield>
    <subfield code="b">tur</subfield>
    <subfield code="c">TR-AnCHP</subfield>
  </datafield>
  <datafield tag="041" ind1=" " ind2=" ">
    <subfield code="a">tur</subfield>
  </datafield>
  <datafield tag="245" ind1=" " ind2=" ">
    <subfield code="a">Mavi Marmara davas&#x131; </subfield>
    <subfield code="b">Gazze &#xF6;zg&#xFC;rl&#xFC;k filosu'na 31.05.2010 tarihinde d&#xFC;zenlenen &#x130;srail sald&#x131;r&#x131;s&#x131; ile ilgili y&#xFC;r&#xFC;t&#xFC;len hukuk &#xE7;al&#x131;&#x15F;mas&#x131;</subfield>
    <subfield code="c">&#x130;nsani Yard&#x131;m Vakf&#x131; &#x130;nsan Haklar&#x131; ve Hukuk Komisyonu</subfield>
  </datafield>
  <datafield tag="246" ind1=" " ind2=" ">
    <subfield code="a">Gazze &#xF6;zg&#xFC;rl&#xFC;k filosu'na 31.05.2010 tarihinde d&#xFC;zenlenen &#x130;srail sald&#x131;r&#x131;s&#x131; ile ilgili y&#xFC;r&#xFC;t&#xFC;len hukuk &#xE7;al&#x131;&#x15F;mas&#x131;</subfield>
  </datafield>
  <datafield tag="260" ind1=" " ind2=" ">
    <subfield code="a">&#x130;stanbul</subfield>
    <subfield code="b">&#x130;nsani Yard&#x131;m Vakf&#x131; &#x130;nsan Haklar&#x131; ve Hukuk Komisyonu</subfield>
    <subfield code="c">2012</subfield>
  </datafield>
  <datafield tag="300" ind1=" " ind2=" ">
    <subfield code="a">21 s.</subfield>
    <subfield code="b">fot&#x11F;.</subfield>
    <subfield code="c">27 sm.</subfield>
  </datafield>
  <datafield tag="500" ind1=" " ind2=" ">
    <subfield code="a">GE&#xC7;&#x130;C&#x130; KATALOG KAYDIDIR.</subfield>
  </datafield>
  <datafield tag="740" ind1=" " ind2=" ">
    <subfield code="a">Gazze &#xF6;zg&#xFC;rl&#xFC;k filosu'na 31.05.2010 tarihinde d&#xFC;zenlenen &#x130;srail sald&#x131;r&#x131;s&#x131; ile ilgili y&#xFC;r&#xFC;t&#xFC;len hukuk &#xE7;al&#x131;&#x15F;mas&#x131;</subfield>
  </datafield>
  <datafield tag="942" ind1=" " ind2=" ">
    <subfield code="2">dcc</subfield>
    <subfield code="c">BKS</subfield>
  </datafield>
  <datafield tag="952" ind1=" " ind2=" ">
    <subfield code="a">0001</subfield>
    <subfield code="b">0001</subfield>
    <subfield code="d">2017-08-21</subfield>
    <subfield code="e">2</subfield>
    <subfield code="l">0</subfield>
    <subfield code="p">017243</subfield>
    <subfield code="r">2017-08-21 00:00:00</subfield>
    <subfield code="v">0.00</subfield>
    <subfield code="w">2017-08-21</subfield>
    <subfield code="y">BKS</subfield>
  </datafield>
  <datafield tag="999" ind1=" " ind2=" ">
    <subfield code="c">5147</subfield>
    <subfield code="d">5147</subfield>
  </datafield>
</record>
